Obtención de un complemento alimenticio para animales a partir de la levadura de desecho generada en la producción de cerveza
Shranjeno v:
| Glavni avtor: | |
|---|---|
| Format: | Knjiga |
| Izdano: |
San José, C.R.,
2004
|
| Teme: | |
| Oznake: |
Označite
Brez oznak, prvi označite!
|
MARC
| LEADER | 00000nam a2200000Ia 4500 | ||
|---|---|---|---|
| 003 | 009541 | ||
| 005 | 20221231144129.0 | ||
| 008 | 140114s2004 cr a m 000 ||s d | ||
| 040 | |c cru CEDI | ||
| 090 | |a TFG 5080 | ||
| 100 | |a Solís Jiménez, Felipe |9 5986 | ||
| 245 | |a Obtención de un complemento alimenticio para animales a partir de la levadura de desecho generada en la producción de cerveza | ||
| 260 | |c 2004 |a San José, C.R., | ||
| 300 | |a iii, 100, [15] hojas : ilustraciones (algunas a color), planos | ||
| 500 | |a Proyecto de graduación (licenciatura en ingeniería química)--Universidad de Costa Rica. Facultad de Ingeniería. Escuela de Ingeniería Química | ||
| 650 | |x ALIMENTOS PARA ANIMALES |x SUPLEMENTOS DIETETICOS |x LEVADURAS |9 5987 | ||
| 942 | |c TFG | ||
| 999 | |c 17343 |d 17343 | ||
